<?xml version="1.0" encoding="UTF-8"?>
<record
    xmlns:xsi="http://www.w3.org/2001/XMLSchema-instance"
    xsi:schemaLocation="http://www.loc.gov/MARC21/slim http://www.loc.gov/standards/marcxml/schema/MARC21slim.xsd"
    xmlns="http://www.loc.gov/MARC21/slim">

  <leader>00845nam a22001337a 4500</leader>
  <datafield tag="040" ind1=" " ind2=" ">
    <subfield code="c">rua</subfield>
  </datafield>
  <datafield tag="082" ind1=" " ind2=" ">
    <subfield code="a">LMA PHU 2021 B1-534 Or.</subfield>
  </datafield>
  <datafield tag="100" ind1=" " ind2=" ">
    <subfield code="a">PHUONG PHUMIN &#x1797;&#x17BD;&#x1784; &#x1797;&#x17BC;&#x1798;&#x17B7;&#x1793;&#x17D2;&#x1791;</subfield>
  </datafield>
  <datafield tag="245" ind1=" " ind2=" ">
    <subfield code="a">STUDY ON THE USE OF SOCIAL LAND CONCESSION OF THE PEOPLE IN KRAING LVEA COMMUNE, SAMAKI MEANCHEY DISTRICT, KAMPONG CHHNANG PROVINCE &#x179F;&#x17B7;&#x1780;&#x17D2;&#x179F;&#x17B6;&#x1796;&#x17B8;&#x1780;&#x17B6;&#x179A;&#x1794;&#x17D2;&#x179A;&#x17BE;&#x1794;&#x17D2;&#x179A;&#x17B6;&#x179F;&#x17CB;&#x178A;&#x17B8;&#x179F;&#x1798;&#x17D2;&#x1794;&#x1791;&#x17B6;&#x1793;&#x179F;&#x1784;&#x17D2;&#x1782;&#x1798;&#x1780;&#x17B7;&#x1785;&#x17D2;&#x1785;&#x179A;&#x1794;&#x179F;&#x17CB;&#x1794;&#x17D2;&#x179A;&#x1787;&#x17B6;&#x1796;&#x179B;&#x179A;&#x178A;&#x17D2;&#x178B;&#x1793;&#x17C5;&#x1780;&#x17D2;&#x1793;&#x17BB;&#x1784;&#x1783;&#x17BB;&#x17C6;&#x1780;&#x17D2;&#x179A;&#x17B6;&#x17C6;&#x179B;&#x17D2;&#x179C;&#x17B6; &#x179F;&#x17D2;&#x179A;&#x17BB;&#x1780;&#x179F;&#x17B6;&#x1798;&#x1782;&#x17D2;&#x1782;&#x17B8;&#x1798;&#x17B6;&#x1793;&#x1787;&#x17D0;&#x1799; &#x1781;&#x17C1;&#x178F;&#x17D2;&#x178F;&#x1780;&#x17C6;&#x1796;&#x1784;&#x17CB;&#x1786;&#x17D2;&#x1793;&#x17B6;&#x17C6;&#x1784;</subfield>
  </datafield>
  <datafield tag="260" ind1=" " ind2=" ">
    <subfield code="a">PHNOM PENH</subfield>
    <subfield code="b">RIA</subfield>
    <subfield code="c">2021</subfield>
  </datafield>
  <datafield tag="300" ind1=" " ind2=" ">
    <subfield code="a">IX. 36P</subfield>
    <subfield code="b">VII.</subfield>
    <subfield code="c">29CM</subfield>
  </datafield>
  <datafield tag="856" ind1=" " ind2=" ">
    <subfield code="u">https://drive.google.com/file/d/1MUM7ZjRejiT7x1u3934USU-5-dLXWjve/view?usp=sharing</subfield>
  </datafield>
  <datafield tag="942" ind1=" " ind2=" ">
    <subfield code="c">LMA</subfield>
  </datafield>
  <datafield tag="999" ind1=" " ind2=" ">
    <subfield code="c">22870</subfield>
    <subfield code="d">22870</subfield>
  </datafield>
  <datafield tag="952" ind1=" " ind2=" ">
    <subfield code="0">0</subfield>
    <subfield code="1">0</subfield>
    <subfield code="2">ddc</subfield>
    <subfield code="4">0</subfield>
    <subfield code="6">LMA_PHU_2021_000000000000000_B1534_OR</subfield>
    <subfield code="7">0</subfield>
    <subfield code="9">98181</subfield>
    <subfield code="a">LBB</subfield>
    <subfield code="b">LBB</subfield>
    <subfield code="c">B1.534</subfield>
    <subfield code="d">2024-04-23</subfield>
    <subfield code="o">LMA PHU 2021 B1-534 Or.</subfield>
    <subfield code="p">a075118</subfield>
    <subfield code="r">2024-04-23</subfield>
    <subfield code="w">2024-04-23</subfield>
    <subfield code="y">LMA</subfield>
  </datafield>
  <datafield tag="952" ind1=" " ind2=" ">
    <subfield code="0">0</subfield>
    <subfield code="1">0</subfield>
    <subfield code="2">ddc</subfield>
    <subfield code="4">0</subfield>
    <subfield code="6">LMA_PHU_2021_000000000000000_B1534_OR</subfield>
    <subfield code="7">0</subfield>
    <subfield code="9">98182</subfield>
    <subfield code="a">LBB</subfield>
    <subfield code="b">LBB</subfield>
    <subfield code="c">B1.534</subfield>
    <subfield code="d">2024-04-23</subfield>
    <subfield code="o">LMA PHU 2021 B1-534 Or.</subfield>
    <subfield code="p">a075110</subfield>
    <subfield code="r">2024-04-23</subfield>
    <subfield code="w">2024-04-23</subfield>
    <subfield code="y">LMA</subfield>
  </datafield>
  <datafield tag="952" ind1=" " ind2=" ">
    <subfield code="0">0</subfield>
    <subfield code="1">0</subfield>
    <subfield code="2">ddc</subfield>
    <subfield code="4">0</subfield>
    <subfield code="6">LMA_PHU_2021_000000000000000_B1534_OR</subfield>
    <subfield code="7">0</subfield>
    <subfield code="9">98183</subfield>
    <subfield code="a">LBB</subfield>
    <subfield code="b">LBB</subfield>
    <subfield code="c">B1.534</subfield>
    <subfield code="d">2024-04-23</subfield>
    <subfield code="o">LMA PHU 2021 B1-534 Or.</subfield>
    <subfield code="p">a074825</subfield>
    <subfield code="r">2024-04-23</subfield>
    <subfield code="w">2024-04-23</subfield>
    <subfield code="y">LMA</subfield>
  </datafield>
  <datafield tag="952" ind1=" " ind2=" ">
    <subfield code="0">0</subfield>
    <subfield code="1">0</subfield>
    <subfield code="2">ddc</subfield>
    <subfield code="4">0</subfield>
    <subfield code="6">LMA_PHU_2021_000000000000000_B1534_OR</subfield>
    <subfield code="7">0</subfield>
    <subfield code="9">98184</subfield>
    <subfield code="a">LBB</subfield>
    <subfield code="b">LBB</subfield>
    <subfield code="c">B1.534</subfield>
    <subfield code="d">2024-04-23</subfield>
    <subfield code="o">LMA PHU 2021 B1-534 Or.</subfield>
    <subfield code="p">a075130</subfield>
    <subfield code="r">2024-04-23</subfield>
    <subfield code="w">2024-04-23</subfield>
    <subfield code="y">LMA</subfield>
  </datafield>
</record>
